000 00894nam a22002297a 4500
999 _c62586
_d62586
005 20240530110557.0
008 160316s2012 ua ak g b 000 0 ara d
017 _a2011/10661
_bمصر . دار الكتب المصرية
020 _a9789776298422
040 _aEG-CaGPL
082 0 4 _221
_a658.45\
_bم م
100 0 _aمدحت محمد ابوالنصر
245 1 0 _aمهارات الاتصال الفعال مع الاخرين /
_cتاليف مدحت محمد ابوالنصر
250 _aط1
260 _aالقاهرة :
_bالمجموعة العربية للتدريب و النشر ،
_c2012 .
300 _a206 ص :
_bايض ؛
_c24 سم .
504 _aيشتمل على ارجاعات ببليوجرافية
650 0 4 _aالعلاقات العامة
650 0 4 _aالاتصال الجماهيرى
942 _2ddc
_cBK